Statistics for South America A-Z

Click here to take the quiz!

General Stats

  • This quiz has been taken 7,702 times
  • The average score is 18 of 26

Answer Stats

HintAnswer% Correct
AMountain range that spans the western coastAndes
97%
ECountry named for its position on the globeEcuador
97%
IAncient civilization that built Machu PicchuInca
96%
UMontevideo is its capitalUruguay
95%
FArgentina fought a war against the UK for control of these islandsFalklands
94%
JLargest cat native to South AmericaJaguar
93%
DOfficial language of SurinameDutch
92%
LBigger version of an alpacaLlama
92%
SCapital of ChileSantiago
92%
VCountry with massive protests against the President MaduroVenezuela
92%
CSea that borders South America to the NorthCaribbean
91%
PThis country lost 70% of its male population during wars of the 1860sParaguay
90%
RWhere you'll find CopacabanaRio de Janeiro
86%
ZExercise fitness program created in ColombiaZumba
84%
BKnown as "El Libertador" he was, at times, the President of four different countriesBolívar
80%
TLargest lake by surface areaTiticaca
73%
GCapital of GuyanaGeorgetown
69%
HTerm for a large estateHacienda
59%
MStrait that passes between the continental mainland and the Tierra del FuegoMagellan
58%
QIndigenous language of PeruQuechua
40%
OBrazilian slogan: _______ e ProgressoOrdem
34%
YPlant used to make "maté"Yerba
29%
KLast name of husband and wife who both served as President of ArgentinaKirchner
22%
NThe closest major city to AfricaNatal
19%
WPantanal is world's largest what?Wetland
18%
XMajor tributary of Amazon riverXingu
9%

Score Distribution

Percentile by Number Answered

Percent of People with Each Score

Your Score History

You have not taken this quiz